| 000 | 00444nam a22001697a 4500 | ||
|---|---|---|---|
| 005 | 20170508153657.0 | ||
| 010 | _aENG-118068 | ||
| 020 |
_a9789386050274 _c350.00 |
||
| 035 | _aEN-101600 | ||
| 037 | _bDBAD/PUB | ||
| 082 | _aN | ||
| 100 | _aWarrier, Shashi | ||
| 245 |
_aThe man who wouldn't be god/ _cby Shashi Warrier |
||
| 260 |
_aNew Delhi _bSpeaking Tiger Publishing _c2016 |
||
| 300 |
_a296p. _c22cm.(pbk) |
||
| 942 |
_2ddc _cEN _hN _mWAR |
||
| 999 |
_c139602 _d139602 |
||